00573nam a2200181 i 4500001000400000100002000004245006700024260004500091300002100136490001600157505002000173650002700193830001600220040000800236041000800244008004100252856009800293bgj1 aBRYANT, Arthur.10aThe Age of Chivalry :bthe Atlantic saga /cSir Arthur Bryant. aNew York :bNew American Library,c1970. a576 pp ;c21 cm.1 aPlume Books aIncludes index. 9aGreat BritainxHistory aPlume Books cBPK0 aeng s uk f |000 0 eng  uhttp://koha.tu.koszalin.pl/cgi-bin/koha/opac-detail.pl?biblionumber=47492yKatalog online BPK